000 00557nam a2200229Ia 4500
003 OSt
005 20220924135021.0
006 a|||||r|||| 00| 0
007 ta
008 220923b |||||||| |||| 00| 0 ben d
024 _a288345
037 _cTextual
040 _aARTS
_cARTS
_bben
041 _2ben
_aben
082 _aNQ44wN31, 157P4
100 _aBiswas Nikhil
_9209706
245 0 _aShilper chokh
260 _c2004
650 _aARTS
942 _hNQ44wN31, 157P4
_cTEXL
_2CC
999 _c439517
_d439517